| Tag |
First Indicator |
Second Indicator |
Subfields |
| LEADER |
00000cam a2200000Ia 4500 |
| 001 |
in00002575821 |
| 005 |
20210727154753.0 |
| 006 |
m d |
| 007 |
cr cn| |
| 008 |
100323s2010 xxka sf 000 0 eng d |
| 020 |
|
|
|a 1848826214
|
| 020 |
|
|
|a 9781848826212
|
| 035 |
|
|
|a (OCoLC)567351930
|
| 035 |
|
|
|a (OCoLC)ocn567351930
|
| 035 |
|
|
|a 3706718
|
| 037 |
|
|
|a 978-1-84882-620-5
|b Springer
|n http://www.springerlink.com
|
| 040 |
|
|
|a GW5XE
|b eng
|c GW5XE
|d UtOrBLW
|
| 049 |
|
|
|a TXAC
|
| 050 |
1 |
4 |
|a RC683.5.T83
|b B45 2009
|
| 072 |
|
7 |
|a RC
|2 lcco
|
| 082 |
0 |
4 |
|a 616.1207543
|2 22
|
| 100 |
1 |
|
|a Belham, Mark.
|0 http://id.loc.gov/authorities/names/n2010180573
|
| 245 |
1 |
0 |
|a Transesophageal Echocardiography in Clinical Practice /
|c Mark Belham.
|
| 264 |
|
1 |
|a London :
|b Springer,
|c 2010.
|
| 300 |
|
|
|a xvi, 112 pages :
|b illustrations (5 color) ;
|c 21 cm.
|
| 336 |
|
|
|a text
|b txt
|2 rdacontent
|
| 337 |
|
|
|a computer
|b c
|2 rdamedia
|
| 338 |
|
|
|a online resource
|b cr
|2 rdacarrier
|
| 500 |
|
|
|a Electronic resource.
|
| 500 |
|
|
|a Handbook.
|
| 500 |
|
|
|a Practice-oriented.
|
| 533 |
|
|
|a Electronic reproduction.
|b New York :
|c Springer,
|d 2010.
|n Mode of access: World Wide Web.
|n System requirements: Web browser.
|n Title from title screen (viewed on Feb. 18, 2010).
|n Access may be restricted to users at subscribing institutions.
|
| 650 |
|
0 |
|a Transesophageal echocardiography.
|0 http://id.loc.gov/authorities/subjects/sh86004478
|
| 655 |
|
7 |
|a Electronic books.
|2 local
|
| 710 |
2 |
|
|a SpringerLink (Online service)
|0 http://id.loc.gov/authorities/names/no2005046756
|
| 776 |
1 |
|
|c Original
|z 9781848826205
|z 1848826206
|w (OCoLC)419644875
|
| 856 |
4 |
0 |
|u http://proxy.library.tamu.edu/login?url=https://dx.doi.org/10.1007/978-1-84882-621-2
|z Connect to the full text of this electronic book
|t 0
|
| 994 |
|
|
|a 92
|b TXA
|
| 999 |
|
|
|a MARS
|
| 999 |
f |
f |
|s 0e84a7f0-4700-34ff-abc6-434639882113
|i 69e86add-8371-3425-95f5-ea77934ef75b
|t 0
|
| 952 |
f |
f |
|a Texas A&M University
|b College Station
|c Electronic Resources
|d Available Online
|t 0
|e RC683.5.T83 B45 2009
|h Library of Congress classification
|
| 998 |
f |
f |
|a RC683.5.T83 B45 2009
|t 0
|l Available Online
|